000 00629nam a2200241Ia 4500
008 160319s9999 xx 000 0 und d
020 _a9712713008
050 _a306
050 _bJ62c 2003
100 _aJoaquin, Nick
245 _aCulture and history /
245 _cNick Joaquin ; Beaulah Pedregosa Taguiwalo, illustrations.
260 _aPasig City :
260 _bAnvil Pub. Inc
260 _c2004
300 _a411 pages :
300 _billustrations ;
300 _c23 cm.
650 _aPhilippines --
650 _aPhilippines --
650 _xCivilization.
650 _xSocial life and customs.
999 _c292106
_d292106